000 01048nam a2200229Ia 4500
999 _c36211
_d36211
001 2114
003 GE_BSU
005 20190514202043.0
008 181216s2008||||ge |||||||||||||| ||geo||
020 _a9789941009976
040 _cGE_BSU
041 _ageo
080 _a725.182(479.22)+903.43(479.22) მ–68
100 _aმინდორაშვილი, დავით.
_91157
110 _aსიძველეთა დაცვისა და შესწავლის ცენტრი
_91158
245 _aუფლისციხე შუა საუკუნეებში /
_b
_cდავით მინდორაშვილი ; რედაქტორი: გიორგი რჩეულიშვილი
264 _aთბილისი :
_b[გ.გ.].
_c2008.
300 _a148 გვ. :
_bილ.,
_c20 სმ.
653 _aუფლისციხის ისტორია
700 _aრჩეულიშვილი, გიორგი
_eრედაქტორი
_91159
942 _cBK
_2udc